Postaw na milion 128 - Statystyki

Ogólne statystyki
  • Ten quiz został rozwiązany 13 razy
  • Średni wynik to 6 z 14
Statystyki odpowiedzi
Zagadnienie Odpowiedź % Poprawnych
Która z tych wielkich teorii naukowych została ogłoszona najwcześniej? teoria ewolucji Darwina
75%
Starożytny grecki lekarz nazywany "ojcem medycyny" to: Hipokrates
67%
Ławica to międzynarodowy port lotniczy: Poznania
58%
Gdzie mieszkają Szerpowie? w Himalajach
58%
Szwajcarzy są największymi konsumentami czekolady w przeliczeniu na 1 mieszkańca. Kto jest na drugim miejscu? Niemcy
50%
Królowa Brytyjska Elżbieta II jest najstarszym panującym monarchą na świecie. A kto jest drugi pod względem wieku? Bhumibol Adulyadel (król Tajlandii)
42%
Nieprawdą jest, że słynny "Krzyk" E.Muncha został: namalowany na płótnie
33%
W grudniu 2015 roku "New York Times" wyliczył 10 powodów, dla których warto spędzić weekend w Warszawie. Nie ma wśród nich: rzeki Wisły
33%
Metro to nowoczesny i szybki środek transportu. Która z europejskich stolic nie cieszy się takim luksusem? Wilno
33%
Która z tych stolic znajduje się najwyżej nad poziomem morza? Bogota (Kolumbia)
25%
Która księga biblijna ma więcej rozdziałów? Księga Hioba
25%
Który z tych mięśni człowieka jest najdłuższy? mięsień krawiecki
25%
W grudniu 2015 roku Forbes ogłosił ranking najbardziej rozpoznawalnych ludzi polskiego sportu. Na pierwszym miejscu znalazł się Adam Małysz. A na drugim? Agnieszka Radwańska
17%
Nogolotka jawajska i nogolotka czarnostopa to gatunki latających: żab
17%
Nie znaleziono quizów pasujących do podanych kryteriów
Rozkład punktacji
Procent ludzi z każdym wynikiem
Percentyl według liczby udzielonych odpowiedzi
Twoja historia wyników
Nie rozwiązałeś tego quizu